000 00688nam a2200181Ia 4500
005 20260429112246.0
008 260429s9999||||xx |||||||||||||| ||und||
020 _a9788193857991
041 _aHindi
082 _a294.5922
_bRAV
100 _aरावत, कल्याण सिंह
245 0 _aश्रीमद्भागवत के संवादों एवं उपदेशों का तात्विक विवेचन /
_cकल्याण सिंह रावत
250 _a1st ed.
260 _aदिल्ली :
_bईस्टर्न बुक लिंकर,
_c2019.
300 _axi, 285 p.; Hb
650 _aReligion
942 _cTB
999 _c53166
_d53166